Guarding the guardians: parliamentary oversight and civil-military relations : the challenges for SADC (Record no. 30638)

MARC details
000 -LEADER
fixed length control field 02294nam a2200325 a 4500
008 - FIXED-LENGTH DATA ELEMENTS--GENERAL INFORMATION
fixed length control field 120416s2004 ||||||||||||||||| || u
020 ## - INTERNATIONAL STANDARD BOOK NUMBER
International Standard Book Number 1919913505
050 ## - LIBRARY OF CONGRESS CALL NUMBER
Classification number JQ 2720 Gua
100 ## - MAIN ENTRY--PERSONAL NAME
Personal name Rupiya, Martin
245 10 - TITLE STATEMENT
Title Guarding the guardians: parliamentary oversight and civil-military relations : the challenges for SADC
Statement of responsibility, etc. edited by Len Le Roux, Martin Rupiya and Naison Ngoma
260 ## - PUBLICATION, DISTRIBUTION, ETC.
Place of publication, distribution, etc. Pretoria:
Name of publisher, distributor, etc. Institute for Security Studies
Date of publication, distribution, etc. 2004
300 ## - PHYSICAL DESCRIPTION
Extent ix, 108 p. : col. ill.
350 ## - PRICE (NR) (BK AM CF MU VM SE) [OBSOLETE]
Price 0.00
500 ## - GENERAL NOTE
General note 'Selected members of the parliamentary committees of South Africa, Tanzania and Zambia charged with oversight of their respective defence establishments, held a three-day conference in July 2003 in Arusha, Tanzania to debate the subject of parliamentary oversight and civil-military relations...
650 ## - SUBJECT ADDED ENTRY--TOPICAL TERM
Topical term or geographic name entry element CIVIL SUPREMACY OVER THE MILITARY--AFRICA, SOUTHERN
650 ## - SUBJECT ADDED ENTRY--TOPICAL TERM
Topical term or geographic name entry element CIVIL MILITARY--AFRICA,SOUTHERN--CONGRESSES
650 ## - SUBJECT ADDED ENTRY--TOPICAL TERM
Topical term or geographic name entry element NATIONAL SECURITY--AFRICA, SOUTHERN
650 ## - SUBJECT ADDED ENTRY--TOPICAL TERM
Topical term or geographic name entry element MILITARY
650 ## - SUBJECT ADDED ENTRY--TOPICAL TERM
Topical term or geographic name entry element LEGISLATIVE OVERSIGHT--AFRICA, SOUTHERN
700 ## - ADDED ENTRY--PERSONAL NAME
Personal name Le Roux, Len
700 ## - ADDED ENTRY--PERSONAL NAME
Personal name Ngoma, Naison
710 ## - ADDED ENTRY--CORPORATE NAME
Corporate name or jurisdiction name as entry element Institute for Security Studies (ISS)
995 ## - RECOMMENDATION 995 [LOCAL, UNIMARC FRANCE]
-- CBU-DAG HAMMARSKJOLD INSTITUTE LIBRARY
-- 5.00
-- 4
-- AVAILABLE
-- Apr 9, 2018
-- Zambiana Collection
995 ## - RECOMMENDATION 995 [LOCAL, UNIMARC FRANCE]
-- CBU-DAG HAMMARSKJOLD INSTITUTE LIBRARY
-- 5.00
-- 6
-- AVAILABLE
-- Apr 9, 2018
-- DHIPS Book Collection
995 ## - RECOMMENDATION 995 [LOCAL, UNIMARC FRANCE]
-- CBU-DAG HAMMARSKJOLD INSTITUTE LIBRARY
-- 5.00
-- 7
-- AVAILABLE
-- Apr 9, 2018
-- DHIPS Book Collection
995 ## - RECOMMENDATION 995 [LOCAL, UNIMARC FRANCE]
-- 0.00
-- CBU-MAIN LIBRARY (Kitwe)
-- 1
-- 0.00
-- 2
-- AVAILABLE
-- International Publications
995 ## - RECOMMENDATION 995 [LOCAL, UNIMARC FRANCE]
-- CBU-DAG HAMMARSKJOLD INSTITUTE LIBRARY
-- 5.00
-- 3
-- AVAILABLE
-- Apr 9, 2018
-- Zambiana Collection
995 ## - RECOMMENDATION 995 [LOCAL, UNIMARC FRANCE]
-- CBU-DAG HAMMARSKJOLD INSTITUTE LIBRARY
-- 0.00
-- 5
-- AVAILABLE
-- Apr 9, 2018
-- DHIPS Book Collection
995 ## - RECOMMENDATION 995 [LOCAL, UNIMARC FRANCE]
-- CBU-DAG HAMMARSKJOLD INSTITUTE LIBRARY
-- 0.00
-- 1
-- AVAILABLE
-- Dec 28, 2012
-- DHIPS Book Collection
Holdings
Withdrawn status Lost status Source of classification or shelving scheme Damaged status Not for loan Home library Current library Shelving location Date acquired Total Checkouts Full call number Barcode Date last seen Price effective from Koha item type
          CBU-DAG HAMMARSKJOLD INSTITUTE CBU-DAG HAMMARSKJOLD INSTITUTE   11/29/2022   JQ 2720 Gua 500478 11/29/2022 11/29/2022 MONOGRAPH
          CBU-DAG HAMMARSKJOLD INSTITUTE CBU-DAG HAMMARSKJOLD INSTITUTE   11/29/2022   JQ 2720 Gua 500480 11/29/2022 11/29/2022 MONOGRAPH
          CBU-DAG HAMMARSKJOLD INSTITUTE CBU-DAG HAMMARSKJOLD INSTITUTE   11/29/2022   JQ 2720 Gua 500481 11/29/2022 11/29/2022 MONOGRAPH
          CBU-DAG HAMMARSKJOLD INSTITUTE CBU-DAG HAMMARSKJOLD INSTITUTE   11/29/2022   JQ 2720 Gua 500477 11/29/2022 11/29/2022 MONOGRAPH
          CBU-DAG HAMMARSKJOLD INSTITUTE CBU-DAG HAMMARSKJOLD INSTITUTE   11/29/2022   JQ 2720 Gua 500479 11/29/2022 11/29/2022 MONOGRAPH
          CBU-DAG HAMMARSKJOLD INSTITUTE CBU-DAG HAMMARSKJOLD INSTITUTE   11/29/2022   JQ 2720 Gua 500175 11/29/2022 11/29/2022 MONOGRAPH
          CBU-MAIN LIBRARY, KITWE. CBU-MAIN LIBRARY, KITWE.   11/29/2022   JQ 2720 Gua Z0019513 11/29/2022 11/29/2022 MONOGRAPH